000
00331nam a2200145Ia 4500
008
210716s1993 xx 000 0 und d
041
_a
eng
082
_a
005.302 HARG
100
_a
Harvey, Greg.
245
_a
123 for dummies.
250
_a
1
260
_a
New Delhi
_b
Pustak mahal
_c
1993
300
_a
xvi,334
650
_a
None
999
_c
182572
_d
182572